000
00274nam a22001097a 4500
082
_a
621.38412 MIL'R
100
_a
MILLER, W. E,SPREADBURY, E. A. W
_9
80054
245
_a
RADIO CIRCUIT A STEP BY STEP SURVEY
260
_a
LONDON
_b
ILIFFE
_c
1966
300
_a
228P
942
_c
BK
999
_c
585029
_d
585029